Wszystkie stacje i przystanki kolejowe mające w nazwie "Nowy/a/e" - Statystyki

Ogólne statystyki
  • Ten quiz został rozwiązany 61 razy
  • Średni wynik to 10 z 54
Statystyki odpowiedzi
Hint Odpowiedź % Poprawnych
MZ Nowy Dwór Mazowiecki
67%
MP Nowy Sącz
53%
MP Nowy Targ
49%
WP Nowy Tomyśl
47%
LB Nowa Sól
42%
KP Nowa Wieś Wielka
38%
PK Nowa Sarzyna
35%
DS Nowa Ruda
33%
MP Nowy Sącz Biegonice
27%
MP Kraków Nowa Huta
25%
DS Wrocław Nowy Dwór
25%
WP Nowe Skalmierzyce
24%
PD Białystok Nowe Miasto
22%
SL Herby Nowe
22%
PK Nowa Dęba
22%
SL Nowy Bieruń
20%
MZ Nowa Iwiczna
16%
MZ Nowa Sucha
16%
WM Nowa Wieś Ełcka
16%
LD Nowe Kutnowskie
16%
MP Nowy Sącz Dąbrówka
16%
MZ Nowa Wieś Kościelna
15%
PM Nowa Wieś Lęborska
15%
MP Nowy Sącz Gorzków
15%
MP Nowy Sącz Jamnica
15%
MZ Studzianki Nowe
15%
LB Zielona Góra Nowy Kisielin
15%
PM Lębork Nowy Świat
13%
WP Lipno Nowe
13%
DS Nowa Ruda Przedmieście
13%
DS Nowa Ruda Zdrojowisko
13%
MZ Nowe Dębe Wielkie
13%
PK Nowy Łupków
13%
OP Nowy Świętów
13%
PK Nowy Zagórz
13%
SL Myszków Nowa Wieś
11%
PK Nowa Sarzyna Kolonia
11%
WM Nowa Wieś Cierpkie
11%
LB Nowe Drezdenko
11%
PD Zdrody Nowe
11%
LD Chrusty Nowe
9%
PK Nowa Grobla
9%
OP Nowy Las
9%
WM Nowy Młyn
9%
PD Nowy Nurzec
9%
LD Ozorków Nowe Miasto
9%
WP Budki Nowe
7%
PD Kamienna Nowa
7%
SL Kusięta Nowe
7%
WM Nowy Dwór koło Ornety
7%
WP Nowy Solec
7%
WP Nowy Widzim
7%
LD Nowa Brzeźnica
5%
ZP Nowy Jarosław
5%
Nie znaleziono quizów pasujących do podanych kryteriów
Rozkład punktacji
Procent ludzi z każdym wynikiem
Percentyl według liczby udzielonych odpowiedzi
Twoja historia wyników
Nie rozwiązałeś tego quizu